De la condition juridique de l'enfant naturel simple en droit comparé

Saved in:
Bibliografiske detaljer
Hovedforfatter: Carciente Benacerraf, José (Author)
Format: Bog
Sprog:spansk
Udgivet: París A. Pedone 1951
Udgivelse:3a. ed
Fag:
Tags: Tilføj Tag
Ingen Tags, Vær først til at tagge denne postø!

MARC

LEADER 00000nam a2200000 a 4500
001 UCS1194
003 CL-VaPUC
008 970509e19510000FR |||||||||||||||||spa|d
082 0 4 |a 346.017  |b CAR  |2 21 
100 0 |a Carciente Benacerraf, José  |e author  |9 385437 
245 1 0 |a De la condition juridique de l'enfant naturel simple en droit comparé 
250 |a 3a. ed 
300 |a 370 p 
942 |c BK 
945 |d 19970509 00:00:00  |a cmena 
260 |a París  |b A. Pedone  |c 1951 
650 0 |a Derecho civil  |9 255013 
650 0 |a Derecho privado  |9 258243 
650 0 |a Derecho comparado  |9 255664 
650 0 |a Derecho romano  |9 255930 
650 0 |a Filiación  |9 256647 
650 7 |a FILIACION NATURAL  |2 CL-VaPUC  |9 385176 
650 7 |a FILIACION ILEGITIMA  |2 CL-VaPUC  |9 385163 
650 0 |a Derecho sucesorio  |9 255015 
650 0 |a Testamento  |9 258220 
650 0 |a Herencia  |9 256325 
650 0 |a Herederos  |9 357054 
650 0 |a Código civil  |9 256135 
650 0 |a Maternidad  |9 335758 
651 0 |a Francia  |9 255157 
583 |a last modification  |c 19970509 00:00:00  |k Rodrigo Vera 
999 |c 259296  |d 259294 
952 |0 0  |1 0  |4 0  |6 346_017000000000000_CAR_1951  |7 0  |8 A  |9 283949  |a BIBDER  |b BIBDER  |d 2019-11-19  |i 1849182  |o 346.017 CAR 1951  |p 1849182  |r 2023-01-25  |w 2019-11-19  |y BK  |k DER